[Event "Noisiel op 5th"]
[Site "Noisiel"]
[Date "2020.02.16"]
[Round "3"]
[White "Noblecourt, Nicolas"]
[Black "Parnali, S Dharia"]
[Result "0-1"]
[WhiteElo "1918"]
[BlackElo "2275"]
[PlyCount "90"]
[EventDate "2020.02.15"]
[EventType "swiss"]
[EventRounds "9"]
[EventCountry "FRA"]
[SourceTitle "CBM 195 Extra"]
[Source "ChessBase"]
[SourceDate "2020.05.31"]
[SourceVersion "1"]
[SourceVersionDate "2020.05.31"]
[SourceQuality "1"]

1. Nf3 Nf6 2. g3 c5 3. c4 Nc6 4. Bg2 d5 5. cxd5 Nxd5 6. 0-0 e5 7. d3 Be7 8. Nbd2 0-0 9. Nc4 f6 10. Qb3 Kh8 11. Bd2 Nc7 12. Na5 Nxa5 13. Bxa5 b6 14. Bd2 Be6 15. Qc2 Qd7 16. Rfc1 Rac8 17. a4 Bd5 18. Be3 Na6 19. Ne1 Nb4 20. Qd1 Be6 21. Bd2 Nc6 22. Nc2 Bb3 23. Qf1 f5 24. a5 b5 25. a6 e4 26. Be3 exd3 27. exd3 Ne5 28. Ne1 Bd5 29. Bxd5 Qxd5 30. Qg2 Qd7 31. Rd1 Nc6 32. Rac1 Nb4 33. d4 c4 34. d5 Bf6 35. Rb1 Nxa6 36. Nc2 Rfd8 37. h4 Nc5 38. Nb4 Re8 39. Qf3 a5 40. Bxc5 Rxc5 41. Nc6 h6 42. Nxa5 Re4 43. h5 Rxd5 44. Rxd5 Qxd5 45. Rd1 Re1+ 0-1